000 00480cam a22001931 4500
001 sa 68018519
003 DLC
005 20260227112712.0
008 740102s1964 xx 000 0 ind
010 _asa 68018519
035 _a(OCoLC)768922
040 _aDLC
_cOAU
_dDLC
042 _apremarc
050 0 0 _aPZ90.I5
_bM35
100 1 _aMartoatmodjo, Soekartijah.
245 1 0 _aMendjelang Hari Ibu.
260 _aDjakarta,
_bBalai Pustaka,
_c1964.
300 _a 16 p.
_c18 cm.
999 _c88473
_d88473